Normal view
MARC view
Entry Geographic Name
001 - CONTROL NUMBER
- control field: 1235789
003 - CONTROL NUMBER IDENTIFIER
- control field: OSt
005 - DATE AND TIME OF LATEST TRANSACTION
- control field: 20260427155629.0
008 - FIXED-LENGTH DATA ELEMENTS
- fixed length control field: 260427|| aca||aabn | a|a d
040 ## - CATALOGING SOURCE
- Original cataloging agency: OSt
- Transcribing agency: OSt
151 ## - HEADING--GEOGRAPHIC NAME
- Geographic name: Great Britain
- General subdivision: Foreign relations
- Geographic subdivision: Afghanistan
670 ## - SOURCE DATA FOUND
- Source citation: Work cat.: (OSt)1848579: Chakravarty, Suhash. 1235788, From Khyber to Oxus :, 1976.
